000 00367nam a2200121Ia 4500
008 220217s9999||||xx |||||||||||||| ||und||
082 _a621.385 1 BHI
100 _aBhise, Gopal, G Chadha, Prem, R
_91218
245 0 _aEngineering network anlysis and filter design
260 _aUmesh publications
_bNew Delhi
_c1999
300 _b250
650 _aNETWORK ANALYSIS
999 _c166031
_d166031